| 000 -LEADER |
| fixed length control field |
01338com a2200385Ka 4500 |
| 020 ## - INTERNATIONAL STANDARD BOOK NUMBER |
| ISBN |
0030543495 |
| 020 ## - INTERNATIONAL STANDARD BOOK NUMBER |
| ISBN |
0030555795 (Laboratory experiments) |
| 020 ## - INTERNATIONAL STANDARD BOOK NUMBER |
| ISBN |
0030555825 (Laboratory experiments, teacher's edition) |
| 020 ## - INTERNATIONAL STANDARD BOOK NUMBER |
| ISBN |
0030555833 (Study guide) |
| 020 ## - INTERNATIONAL STANDARD BOOK NUMBER |
| ISBN |
0030555841 (Datasheets) |
| 020 ## - INTERNATIONAL STANDARD BOOK NUMBER |
| ISBN |
0030555876 (Test generator: assessment item listing) |
| 020 ## - INTERNATIONAL STANDARD BOOK NUMBER |
| ISBN |
0030555930 (Answer keys) |
| 020 ## - INTERNATIONAL STANDARD BOOK NUMBER |
| ISBN |
0030555981 (Integration enrichment resources) |
| 020 ## - INTERNATIONAL STANDARD BOOK NUMBER |
| ISBN |
003055599X (Chapter tests with answer keys) |
| 020 ## - INTERNATIONAL STANDARD BOOK NUMBER |
| ISBN |
0030556074 (Teaching transparencies and transparency masters) |
| 020 ## - INTERNATIONAL STANDARD BOOK NUMBER |
| ISBN |
003055604X (Math skills worksheets) |
| 020 ## - INTERNATIONAL STANDARD BOOK NUMBER |
| ISBN |
0030556082 (Basic skills worksheets) |
| 020 ## - INTERNATIONAL STANDARD BOOK NUMBER |
| ISBN |
0030565545 (Critical thinking worksheets) |
| 040 ## - CATALOGING SOURCE |
| Transcribing agency |
SRS |
| 082 ## - DEWEY DECIMAL CLASSIFICATION NUMBER |
| Classification number |
500 HOL 2001 A060 Or. |
| 245 00 - TITLE STATEMENT |
| Title |
Holt science spectrum |
| Remainder of title |
a physical approach / |
| 246 30 - VARYING FORM OF TITLE |
| Title proper/short title |
Science spectrum : |
| Remainder of title |
a physical approach |
| 260 ## - PUBLICATION, DISTRIBUTION, ETC. (IMPRINT) |
| Place of publication |
Austin, [Tex.] : |
| Name of publisher |
Holt, Rinehart and Winston, |
| Year of publication |
c2001 |
| 300 ## - PHYSICAL DESCRIPTION |
| Number of Pages |
v. : |
| Other physical details |
col. ill. ; |
| Dimensions |
29 - cm |
| 650 #0 - SUBJECT ADDED ENTRY--TOPICAL TERM |
| Topical Term |
Physics |
| 650 #0 - SUBJECT ADDED ENTRY--TOPICAL TERM |
| Topical Term |
Mathematics |
| 650 #0 - SUBJECT ADDED ENTRY--TOPICAL TERM |
| Topical Term |
Chemistry |
| 650 #0 - SUBJECT ADDED ENTRY--TOPICAL TERM |
| Topical Term |
Space sciences |
| 650 #0 - SUBJECT ADDED ENTRY--TOPICAL TERM |
| Topical Term |
Science |
| 700 1# - ADDED ENTRY--PERSONAL NAME |
| Personal name |
Dobson, Ken |
| 700 1# - ADDED ENTRY--PERSONAL NAME |
| Personal name |
Roberts, Michael |
| 700 1# - ADDED ENTRY--PERSONAL NAME |
| Personal name |
Holman, John |
| 710 2# - ADDED ENTRY--CORPORATE NAME |
| Corporate name or jurisdiction name as entry element |
Holt, Rinehart, and Winston, inc |
| 942 ## - ADDED ENTRY ELEMENTS (KOHA) |
| Koha item type |
សៀវភៅភាសាអង់គ្លេស |
| 952 ## - LOCATION AND ITEM INFORMATION (KOHA) |
| Withdrawn status [LOCAL, KOHA] |
0 |